Prose and Poetry / (Record no. 851)
[ view plain ]
| 000 -LEADER | |
|---|---|
| fixed length control field | 00426cam a2200169ua 4500 |
| 041 ## - LANGUAGE CODE | |
| Language code of text/sound track or separate title | eng |
| 082 ## - DEWEY DECIMAL CLASSIFICATION NUMBER | |
| Classification number | 821 |
| Item number | HEI/PR |
| 100 ## - MAIN ENTRY--AUTHOR NAME | |
| Personal name | Heine, . |
| 245 ## - TITLE STATEMENT | |
| Title | Prose and Poetry / |
| 260 ## - PUBLICATION, DISTRIBUTION, ETC. (IMPRINT) | |
| Place of publication | London : |
| Name of publisher | J M Dent and Sons Ltd , |
| Year of publication | 1961. |
| 300 ## - PHYSICAL DESCRIPTION | |
| Number of Pages | 380 ; . |
| 490 0# - SERIES STATEMENT | |
| Series statement | Everyman`s library, |
| Volume number/sequential designation | 911 |
| 942 ## - ADDED ENTRY ELEMENTS (KOHA) | |
| Koha item type | Books |
| Withdrawn status | Lost status | Damaged status | Home library | Current library | Date acquired | Full call number | Accession Number | Koha item type |
|---|---|---|---|---|---|---|---|---|
| Withdrawn | KAUAET | Sanskrit University | 07/04/2012 | 821 | 4533 | Books |
